000 00438nmm a2200157Ia 4500
008 251105s9999||||xx |||||||||||||||||und||
020 _a9789586485845
041 _aspa
100 _aAristizábal, Alberto
245 0 _aCómo leer mejor (7a ed.)
264 _a[Bogotá, Colombia] :
_bEcoe Ediciones,
_c2009
300 _a213 páginas
650 _aEducation
856 _uhttps://public.digitaliapublishing.com/a/29882
942 _cCF
999 _c95265
_d95265